[Event "Tournoi n27368"]
[Site "www.echecsemail.com"]
[Date "2026.01.05"]
[Round "1"]
[White "Tiounet"]
[Black "Mokanne"]
[WhiteElo "1660"]
[BlackElo "1450"]
[Result "1-0"]
1.a3 d5
2.b4 d4
3.Bc1b2 e5
4.Ng1f3 Bf8d6
5.g3 b6
6.Bf1g2 Bc8b7
7.O-O f6
8.d3 b5
9.c3 dxc3
10.Nb1xc3 Qd8e7
11.Nc3xb5 c6
12.Nb5xd6 Qe7xd6
13.Ra1c1 Ng8e7
14.Qd1b3 Qd6d7
15.Qb3c4 Rh8f8
16.Nf3d2 Rf8f7
17.Nd2e4 Ne7d5
18.Ne4c5 Qd7c7
19.Nc5xb7 Qc7xb7
20.Bg2e4 Rf7d7
21.Be4xh7 Kf8
22.Qc4c5 Nd5e7
23.Qc5c4 Rd7d5
24.Qc4h4 Rd5d7
25.Bh7e4 Qb7c7
26.Qh4h8 Ne7g8
27.Be4f5 Rd7d5
28.Bf5e6 Rd5d6
29.Qh8xg8 Ke7
30.Qg8f7 Kd8
31.Qf7f8 1-0

[Event "Défi"]
[Site "www.echecsemail.com"]
[Date "2026.01.05"]
[Round "1"]
[White "Lancov"]
[Black "Arno"]
[WhiteElo "1930"]
[BlackElo "1770"]
[Result "1-0"]
1.e4 Nb8c6
2.d4 e5
3.Ng1f3 exd4
4.Bf1c4 Ng8f6
5.O-O Bf8c5
6.Rf1e1 O-O
7.c3 d5
8.exd5 Nf6xd5
9.cxd4 Bc5b4
10.Nb1d2 Bc8g4
11.a3 Bb4a5
12.b4 Ba5b6
13.Nd2b3 Nd5c3
14.Qd1d3 Bg4xf3
15.Qd3xf3 Nc6xd4
16.Qf3xc3 Nd4xb3
17.Bc4xb3 Bb6d4
18.Qc3g3 Bd4xa1
19.Bc1g5 Ba1f6
20.Bg5f4 c6
21.h3 Qd8b6
22.Re1e3 Rf8e8
23.Re3f3 Re8e1
24.Kh2 Ra8e8
25.Bf4h6 Bf6e5
26.Bh6f4 Be5xf4
27.Qg3xf4 Kh8
28.Qf4xf7 Qb6d8
29.Rf3g3 Re1e7
30.Qf7h5 Re7e5
31.Qh5f7 Re8g8
32.Qf7xb7 Qd8a8
33.Qb7c7 Qa8b8
34.Qc7xc6 Re5g5
35.Bb3xg8 Rg5xg3
36.fxg3 Kxg8
37.b5 h5
38.a4 h4
39.Qc6f3 hxg3
40.Qf3xg3 Qb8b6
41.Qg3b3 Kh8
42.h4 a6
43.Qb3c4 a5
44.Qc4c6 Qb6d8
45.Kh3 Qd8d3
46.g3 Qd3f1
47.Qc6g2 Qf1f5
48.Kh2 Qf5c8
49.Qg2c6 Qc8d8
50.b6 Qd8d2
51.Kh3 Qd2e1
52.b7 Qe1f1
53.Qc6g2 Qf1f5
54.g4 Qf5d3
55.Qg2g3 Qd3b1
56.b8Q Qb1xb8
57.Qg3xb8 { abandon }1-0

[Event "Défi"]
[Site "www.echecsemail.com"]
[Date "2026.01.05"]
[Round "1"]
[White "Lancov"]
[Black "Nicadria22"]
[WhiteElo "1930"]
[BlackElo "1910"]
[Result "1-0"]
1.e4 e6
2.d4 d5
3.e5 c5
4.c3 Bc8d7
5.Ng1f3 Nb8c6
6.Bf1d3 Qd8b6
7.Bd3c2 f6
8.O-O cxd4
9.cxd4 fxe5
10.dxe5 Bf8c5
11.Nf3g5 g6
12.Qd1f3 Nc6xe5
13.Qf3f4 Bc5d6
14.Qf4d2 h6
15.Ng5h3 g5
16.Kh1 Ng8e7
17.Nb1c3 Bd7c6
18.Qd2e2 O-O-O
19.a3 g4
20.Nh3f4 Bc6d7
21.b4 d4
22.Nc3a4 Qb6c7
23.Bc2b3 Kb8
24.Bc1b2 b5
25.Ra1c1 Qc7b7
26.Na4c5 Qb7c8
27.Nc5xe6 Qc8a6
28.Ne6xd8 Rh8xd8
29.Bb2xd4 Ne5c6
30.Qe2e3 Ne7f5
31.Bd4xa7 Nc6xa7
32.Qe3d2 Qa6xa3
33.Bb3c2 Bd6xb4
34.Qd2d5 Nf5d6
35.Rc1a1 Qa3c3
36.Rf1c1 Qc3c5
37.Qd5d1 Qc5xf2
38.Nf4d3 Qf2d2
39.Qd1g1 Bb4a5
40.Nd3c5 Nd6c4
41.Nc5b3 Qd2b4
42.Nb3xa5 Nc4xa5
43.Qg1b6 Na5b7
44.Qb6xa7 Kc7
45.Bc2e4 { abandon }1-0

[Event "Tournoi échelle champions"]
[Site "www.echecsemail.com"]
[Date "2026.01.05"]
[Round "1"]
[White "Ephixe"]
[Black "Elghribi"]
[WhiteElo "1810"]
[BlackElo "1910"]
[Result "1-0"]
1.d4 Ng8f6
2.c4 g6
3.Nb1c3 Bf8g7
4.Bc1f4 O-O
5.e3 d6
6.Bf1d3 Nb8c6
7.Ng1e2 h6
8.O-O Nf6d7
9.Ra1b1 e5
10.Bf4g3 f5
11.d5 Nc6e7
12.h3 e4
13.Bd3c2 Nd7e5
14.b3 Kh7
15.Nc3b5 a6
16.Nb5d4 Bc8d7
17.Ne2f4 Qd8c8
18.Nd4e6 Rf8f7
19.Ne6xg7 Rf7xg7
20.Nf4e2 Ne5f7
21.Ne2d4 g5
22.Kh1 Ne7g6
23.f3 f4
24.exf4 gxf4
25.Bg3h2 exf3
26.Nd4xf3 Kh8
27.Bc2xg6 Rg7xg6
28.Nf3h4 Rg6g7
29.Rf1xf4 Qc8d8
30.Nh4f5 Bd7xf5
31.Rf4xf5 Qd8g8
32.Qd1d4 Kh7
33.g4 Ra8e8
34.Bh2g3 Nf7g5
35.Kg2 Rg7e7
36.Qd4d3 Qg8g6
37.Bg3h4 Re7e2
38.Bh4f2 Re8e7
39.a4 Re7e3
40.Qd3xe3 Re2xe3
41.Bf2xe3 Qg6e8
42.Rb1e1 Qe8e4
43.Kg3 Qe4d3
44.Kh4 Qd3e4
45.Re1e2 Qe4e7
46.Kg3 Qe7g7
47.Be3xg5 hxg5
48.Re2f2 Kg8
49.h4 gxh4
50.Kxh4 Qg7h7
51.Kg3 Qh7e7
52.Rf5f8 Qe7xf8
53.Rf2xf8 { abandon }1-0

[Event "Coupe Niveau 4"]
[Site "www.echecsemail.com"]
[Date "2026.01.05"]
[Round "1"]
[White "Alain64"]
[Black "Elghribi"]
[WhiteElo "2130"]
[BlackElo "1890"]
[Result "1/2-1/2"]
1.Nb1c3 Ng8f6
2.e4 d6
3.f4 g6
4.Ng1f3 Bf8g7
5.d4 O-O
6.Bf1d3 Nb8c6
7.O-O Nf6d7
8.e5 dxe5
9.fxe5 Nd7b6
10.Bc1e3 Nc6b4
11.a3 Nb4xd3
12.Qd1xd3 Bc8f5
13.Qd3d2 Nb6c4
14.Qd2c1 Nc4xe3
15.Qc1xe3 Bf5xc2
16.e6 f6
17.Ra1c1 Bc2b3
18.Nc3b5 Bb3d5
19.Nb5xc7 Ra8c8
20.Nc7xd5 Qd8xd5
21.Rc1c5 Rc8xc5
22.dxc5 Rf8c8
23.b4 Rc8c6
24.Rf1e1 h5
25.Nf3d4 Rc6c8
26.Re1d1 Rc8d8
27.Rd1d2 Qd5c4
28.Nd4f3 Qc4c1
29.Kf2 Rd8xd2
30.Qe3xd2 Qc1xd2
31.Nf3xd2 f5
32.Nd2c4 Bg7d4
33.Ke2 Kg7
34.Kd3 Bd4g1
35.h3 Kf6
36.Nc4a5 b6
37.cxb6 axb6
38.Na5c6 Kxe6
39.a4 Kd6
40.b5 e5
41.Kc4 g5
42.a5 bxa5
43.Nc6xa5 h4
44.Na5c6 g4
45.Nc6b4 gxh3
46.gxh3 e4
47.Nb4d5 Ke5
48.b6 f4
49.b7 Bg1a7
50.Nd5b4 f3
51.Nb4c6 Kf5
52.Nc6xa7 f2
53.b8Q f1Q
54.Kc5 Qf1c1
55.Kb6 Qc1e3
56.Ka6 Qe3a3
57.Kb6 Qa3e3
58.Ka6 Qe3e2
59.Kb6 Qe2e3
60.Kc6 Qe3c3
61.Kb6 Qc3f6
62.Ka5 Qf6e5
63.Qb8xe5 Kxe5
64.Kb4 e3
65.Kc3 Ke4
66.Na7c6 Kf3
67.Nc6d4 Kg3
68.Kd3 Kf2
69.Nd4e2 Kf3
70.Ne2d4 Kg3
71.Kxe3 Kxh3
72.Kf3 Kh2
73.Kf2 Kh3
74.Kf3 Kh2
75.Nd4f5 Kh3
76.Nf5xh4 1/2-1/2

[Event "Défi"]
[Site "www.echecsemail.com"]
[Date "2026.01.05"]
[Round "1"]
[White "4x4"]
[Black "Patrick"]
[WhiteElo "1460"]
[BlackElo "1550"]
[Result "1-0"]
1.Nb1c3 e5
2.e4 d6
3.d3 h6
4.Bc1e3 Ng8f6
5.Qd1d2 a6
6.O-O-O Bf8e7
7.Ng1f3 O-O
8.Bf1e2 Bc8e6
9.h3 b5
10.b3 b4
11.Nc3d5 Be6xd5
12.exd5 Nf6xd5
13.c4 bxc3
14.Qd2c2 c5
15.g4 Qd8a5
16.Nf3e1 Nb8d7
17.Ne1f3 Ra8b8
18.Kb1 Be7f6
19.Be3c1 c4
20.dxc4 Nd5f4
21.Bc1xf4 exf4
22.Be2d3 Nd7c5
23.h4 Rb8b4
24.g5 hxg5
25.hxg5 Bf6e5
26.Nf3xe5 g6
27.Ne5g4 Kg7
28.Rh1h2 Qa5d8
29.Ng4f6 Rf8h8
30.Rh2xh8 Qd8xh8
31.Qc2xc3 Qh8d8
32.Nf6d5 Kf8
33.Nd5xb4 Nc5e6
34.Qc3h8 Ke7
35.Qh8xd8 Kxd8
36.Nb4d5 Ne6xg5
37.Nd5xf4 Ng5f3
38.Bd3e4 Nf3e5
39.Rd1xd6 Kc7
40.Rd6f6 a5
41.Be4xg6 { abandon }1-0

[Event "Défi( 10J+24H/c 10J Max )"]
[Site "www.echecsemail.com"]
[Date "2026.01.05"]
[Round "1"]
[White "Tunnellavage"]
[Black "Ephixe"]
[WhiteElo "1810"]
[BlackElo "1810"]
[Result "0-1"]
1.e4 e5
2.Ng1f3 Nb8c6
3.Bf1c4 Nc6d4
4.Nf3xe5 Qd8g5
5.Ne5g4 Nd4xc2
6.Qd1xc2 Qg5xg4
7.O-O d6
8.Qc2b3 Qg4g6
9.Bc4e2 Bf8e7
10.d3 Ng8f6
11.Bc1f4 O-O
12.Nb1d2 Nf6h5
13.Be2xh5 Qg6xh5
14.Bf4g3 a6
15.Ra1c1 c5
16.Rf1e1 b5
17.Nd2f1 Bc8e6
18.Qb3c2 b4
19.Nf1e3 Ra8d8
20.Ne3c4 f5
21.exf5 Qh5xf5
22.Qc2e2 Be6xc4
23.dxc4 Be7f6
24.b3 d5
25.cxd5 Qf5xd5
26.Rc1d1 Qd5a8
27.Rd1xd8 Rf8xd8
28.Qe2e6 Kh8
29.h4 h6
30.Bg3f4 Bf6c3
31.Re1e2 a5
32.Bf4xh6 gxh6
33.Qe6xh6 Kg8
34.Qh6g6 Kf8
35.Re2e6 Qa8c8
36.Qg6f5 Kg8
37.Re6g6 Bc3g7
38.Qf5f6 Rd8d1
39.Kh2 Qc8c7
40.g3 Qc7b7
41.h5 Qb7h1
0-1

[Event "Tournoi n27306"]
[Site "www.echecsemail.com"]
[Date "2026.01.05"]
[Round "1"]
[White "Buzz84"]
[Black "Hermite"]
[WhiteElo "1470"]
[BlackElo "1500"]
[Result "0-1"]
1.d4 d5
2.Bc1f4 Nb8c6
3.Ng1f3 e6
4.e3 Ng8f6
5.Bf1d3 Bf8e7
6.Nb1d2 Be7d6
7.Nf3e5 Bd6xe5
8.dxe5 Nf6d7
9.h3 Nd7xe5
10.Bf4h2 O-O
11.f4 Ne5xd3
12.cxd3 Bc8d7
13.O-O Qd8f6
14.d4 Qf6f5
15.Rf1f3 Nc6e7
16.Qd1e2 h6
17.Rf3g3 b6
18.h4 c5
19.Nd2f3 cxd4
20.Nf3xd4 Qf5e4
21.Ra1f1 Ne7f5
22.Rg3f3 Nf5xh4
23.Rf3g3 Qe4h7
24.Rg3h3 Nh4g6
25.Rf1f3 e5
26.Rh3h5 exd4
27.exd4 Bd7g4
28.Rh5h3 Bg4xh3
29.Rf3xh3 Rf8e8
30.Qe2g4 Re8e1
31.Kf2 Ra8e8
32.Rh3f3 Re8e2
33.Kg3 Re2xb2
34.Qg4c8 Ng6f8
35.f5 Re1g1
36.Bh2xg1 h5
37.Kh4 Rb2xg2
38.Bg1e3 Rg2xa2
39.f6 Qh7e4
40.Rf3f4 Qe4h1
41.Kg5 Ra2g2
42.Kf5 Qh1h3
{ abandon }0-1

[Event "Tournoi n27346"]
[Site "www.echecsemail.com"]
[Date "2026.01.05"]
[Round "1"]
[White "Geantvert"]
[Black "Blaireau64"]
[WhiteElo "1870"]
[BlackElo "2020"]
[Result "0-1"]
1.c4 e6
2.Nb1c3 d5
3.cxd5 exd5
4.d4 Ng8f6
5.g3 c6
6.Bf1g2 Bf8d6
7.Ng1f3 O-O
8.O-O Rf8e8
9.e3 Bc8g4
10.Qd1c2 Nb8d7
11.h3 Bg4h5
12.Nf3h2 Bh5g6
13.Qc2d2 Qd8c7
14.a3 Nf6e4
15.Nc3xe4 Bg6xe4
16.Nh2f3 Nd7f6
17.Nf3h4 Be4xg2
18.Nh4xg2 Nf6e4
19.Qd2d3 Qc7d7
20.Kh2 Re8e6
21.Ng2f4 Re6h6
22.h4 g5
23.Nf4g2 gxh4
24.f4 hxg3
{ abandon }0-1

[Event "Tournoi n27343"]
[Site "www.echecsemail.com"]
[Date "2026.01.05"]
[Round "1"]
[White "Patau"]
[Black "4x4"]
[WhiteElo "1670"]
[BlackElo "1480"]
[Result "1-0"]
1.e4 e5
2.Ng1f3 d6
3.d4 Bc8g4
4.dxe5 Bg4xf3
5.Qd1xf3 dxe5
6.Bf1c4 Qd8f6
7.Qf3b3 b6
8.O-O Ng8e7
9.Nb1c3 Ne7c6
10.Bc4b5 Bf8c5
11.Bc1e3 O-O
12.Nc3d5 Qf6d8
13.Ra1d1 Nc6d4
14.Be3xd4 c6
15.Bb5xc6 Nb8xc6
16.Bd4xc5 Nc6d4
17.Bc5xd4 exd4
18.Rd1xd4 Rf8e8
19.Rf1e1 h6
20.e5 Re8e6
21.Nd5f6 gxf6
22.Rd4xd8 Ra8xd8
23.f4 fxe5
24.Re1xe5 Re6xe5
25.fxe5 Rd8e8
26.Qb3d5 Kg7
27.Qd5d7 Re8xe5
28.Qd7d4 f6
29.Qd4d7 Kg6
30.Qd7xa7 Kf5
31.Qa7xb6 Kg5
32.Qb6f2 f5
33.h4 Kg4
34.Qf2f3 Kxh4
35.Qf3f4 Kh5
36.Qf4xe5 Kg5
37.Kf2 h5
38.Kf3 h4
39.Qe5f4 Kh5
40.Qf4xf5 Kh6
41.Qf5g4 h3
42.gxh3 Kh7
43.Kf4 Kh6
44.Kf5 Kh7
45.Kf6 Kh8
46.Qg4g7 1-0

[Event "Eq:Les enfants de l Atlantide-LES CHATTERBOX :"]
[Site "www.echecsemail.com"]
[Date "2026.01.05"]
[Round "1"]
[White "Bassdark"]
[Black "Janolapin"]
[WhiteElo "2040"]
[BlackElo "1710"]
[Result "1-0"]
1.e4 e5
2.Ng1f3 Nb8c6
3.Bf1c4 h6
4.O-O Ng8f6
5.d3 Bf8e7
6.Nb1c3 O-O
7.h3 a6
8.Nc3d5 Nc6a5
9.Nf3xe5 Na5xc4
10.Nd5xf6 Be7xf6
11.Ne5xc4 d5
12.exd5 Qd8xd5
13.Nc4e3 Qd5c5
14.c3 Bc8e6
15.d4 Qc5d6
16.f4 Ra8d8
17.Ne3g4 Be6xg4
18.Qd1xg4 Qd6d7
19.f5 Rf8e8
20.Bc1xh6 c5
21.dxc5 Kf8
22.Bh6f4 Qd7d3
23.Qg4h5 Kg8
24.Ra1d1 Qd3c4
25.Bf4d6 Qc4e4
26.Rd1e1 Qe4h4
27.Qh5xh4 Bf6xh4
28.g3 Bh4f6
29.Kg2 Re8xe1
30.Rf1xe1 g6
31.fxg6 fxg6
32.Kf3 b6
33.Kg4 bxc5
34.Bd6xc5 { abandon }1-0

[Event "Défi"]
[Site "www.echecsemail.com"]
[Date "2026.01.05"]
[Round "1"]
[White "Verson"]
[Black "Arno"]
[WhiteElo "1900"]
[BlackElo "1780"]
[Result "1-0"]
1.d4 Ng8f6
2.Ng1f3 d5
3.e3 c5
4.c3 Nb8c6
5.Bf1d3 Bc8g4
6.Nb1d2 e6
7.O-O Bf8d6
8.h3 Bg4xf3
9.Nd2xf3 O-O
10.b3 h6
11.Bc1b2 Nf6h7
12.c4 dxc4
13.bxc4 Nh7g5
14.d5 exd5
15.cxd5 Ng5xf3
16.Qd1xf3 Nc6e5
17.Bb2xe5 Bd6xe5
18.Qf3f5 Rf8e8
19.Bd3c4 Be5xa1
20.Rf1xa1 Qd8c7
21.Ra1d1 Ra8d8
22.d6 Rd8xd6
23.Rd1xd6 Qc7xd6
24.Qf5xf7 Kh7
25.Qf7xe8 Qd6d1
26.Kh2 Qd1d6
27.g3 Qd6d2
28.Bc4g8 { abandon }1-0

[Event "Défi( 10J+24H/c 10J Max )"]
[Site "www.echecsemail.com"]
[Date "2026.01.05"]
[Round "1"]
[White "Nanaluce"]
[Black "Mindthegap"]
[WhiteElo "1170"]
[BlackElo "1420"]
[Result "0-1"]
1.e4 e5
2.Ng1f3 Ng8f6
3.Bf1c4 Nf6xe4
4.d3 Ne4c5
5.Nf3xe5 d5
6.Bc4b5 c6
7.d4 cxb5
8.dxc5 Bf8xc5
9.h4 O-O
10.Nb1c3 Qd8f6
11.f4 Bc8e6
12.Nc3xb5 Rf8c8
13.c3 Nb8d7
14.Ne5g4 Be6xg4
15.Qd1xg4 Rc8e8
16.Kf1 Qf6e7
17.Qg4g3 Qe7e2
0-1

[Event "Coupe Niveau 2"]
[Site "www.echecsemail.com"]
[Date "2026.01.05"]
[Round "1"]
[White "Patau"]
[Black "Killbill"]
[WhiteElo "1700"]
[BlackElo "2019"]
[Result "0-1"]
1.e4 e6
2.d4 d5
3.exd5 exd5
4.Bf1d3 Nb8c6
5.Ng1e2 Bf8d6
6.O-O Ng8e7
7.Bc1f4 Nc6xd4
8.Bf4xd6 Nd4xe2
9.Qd1xe2 Qd8xd6
10.Rf1e1 Bc8e6
11.Nb1c3 a6
12.Qe2e5 Qd6xe5
13.Re1xe5 c5
14.Ra1e1 O-O
15.Re5h5 g6
16.Rh5h4 Rf8e8
17.Nc3e2 c4
18.Bd3xg6 Ne7xg6
{ abandon }0-1

[Event "Défi"]
[Site "www.echecsemail.com"]
[Date "2026.01.05"]
[Round "1"]
[White "Snarf"]
[Black "Pgo"]
[WhiteElo "1720"]
[BlackElo "1750"]
[Result "1-0"]
1.e4 e5
2.Ng1f3 Nb8c6
3.Bf1b5 d6
4.d4 Bc8d7
5.d5 Nc6d4
6.Bb5xd7 Qd8xd7
7.Nf3xd4 exd4
8.Qd1xd4 Ng8f6
9.Bc1g5 Bf8e7
10.Nb1c3 O-O
11.h3 h6
12.Bg5h4 Nf6xe4
13.Qd4xe4 Be7xh4
14.Qe4xh4 Rf8e8
15.Kd2 Qd7f5
16.Ra1d1 g5
17.Qh4d4 Re8e5
18.Kc1 b6
19.Rh1f1 a5
20.Kb1 Ra8e8
21.f3 Qf5g6
22.Nc3b5 Re5e7
23.a3 f5
24.Rf1g1 f4
25.Qd4c3 Qg6g7
26.Nb5d4 Re7e3
27.Rd1d3 c5
28.Nd4b5 Qg7xc3
29.Rd3xc3 Re3e1
30.Rg1xe1 Re8xe1
31.Ka2 Re1e2
32.Nb5xd6 Re2xg2
33.Nd6c8 Rg2g3
34.Nc8xb6 Rg3xh3
35.d6 Rh3h1
36.d7 Rh1d1
37.Rc3d3 { abandon }1-0

[Event "Eq:Les Rois du Succes-Les enfants de l Atlantide :"]
[Site "www.echecsemail.com"]
[Date "2026.01.05"]
[Round "1"]
[White "Tjspret"]
[Black "Anton17"]
[WhiteElo "1810"]
[BlackElo "1420"]
[Result "1-0"]
1.e4 e5
2.Ng1f3 Nb8c6
3.Bf1c4 Ng8f6
4.d3 Bf8c5
5.h3 d6
6.O-O O-O
7.a4 Nc6d4
8.Nf3xd4 Bc5xd4
9.c3 Bd4c5
10.b4 Bc5b6
11.a5 Bc8e6
12.Bc4xe6 fxe6
13.axb6 axb6
14.Ra1xa8 Qd8xa8
15.Nb1d2 Nf6d7
16.Nd2b3 Qa8a4
17.Bc1g5 h6
18.Bg5e7 Rf8f7
19.Be7d8 Qa4c6
20.c4 g5
21.b5 Qc6c5
22.Nb3xc5 Nd7xc5
23.Rf1e1 { abandon }1-0

[Event "Défi"]
[Site "www.echecsemail.com"]
[Date "2026.01.05"]
[Round "1"]
[White "Ephixe"]
[Black "Eclectic"]
[WhiteElo "1820"]
[BlackElo "1810"]
[Result "1/2-1/2"]
1.d4 Ng8f6
2.c4 g6
3.Nb1c3 Bf8g7
4.Bc1f4 d5
5.e3 Bc8f5
6.Ng1f3 Nb8c6
7.Bf1d3 Qd8d7
8.Bd3xf5 Qd7xf5
9.cxd5 Nf6xd5
10.Nc3xd5 Qf5xd5
11.Bf4xc7 b6
12.Bc7g3 O-O
13.O-O Rf8e8
14.a4 e5
15.Nf3xe5 Nc6xe5
16.dxe5 Qd5xd1
17.Rf1xd1 Bg7xe5
18.Bg3xe5 Re8xe5
19.b3 Re5e7
20.Rd1d3 Kf8
21.b4 a5
22.bxa5 Ra8xa5
23.h3 Re7e4
24.Rd3b3 Re4xa4
25.Ra1xa4 Ra5xa4
26.Rb3xb6 Ra4a2
27.Rb6b1 f5
28.g3 Kf7
29.Kg2 Kf6
30.g4 Ra2a5
31.f3 Ra5e5
32.Rb1b3 Re5e7
33.f4 h6
34.Kf3 Re7e6
35.Rb3b4 Re6e8
36.h4 fxg4
37.Kxg4 Re8xe3
38.Rb4b6 Re3e6
39.Rb6xe6 { nul }1/2-1/2

[Event "Défi"]
[Site "www.echecsemail.com"]
[Date "2026.01.05"]
[Round "1"]
[White "Vvvv"]
[Black "Snarf"]
[WhiteElo "1770"]
[BlackElo "1720"]
[Result "0-1"]
1.e4 e5
2.Ng1f3 Nb8c6
3.Bf1c4 h6
4.d4 exd4
5.Nf3xd4 Nc6xd4
6.Qd1xd4 Qd8f6
7.e5 Qf6c6
8.Qd4d5 Qc6xd5
9.Bc4xd5 Bf8b4
10.Bc1d2 Bb4c5
11.O-O d6
12.Rf1e1 Ng8e7
13.c3 Ne7xd5
14.b4 Bc5b6
15.c4 Nd5e7
16.Bd2f4 a6
17.exd6 cxd6
18.Bf4xd6 Bc8e6
19.Bd6xe7 Kxe7
20.Nb1c3 Rh8d8
21.c5 Bb6c7
22.Re1e4 Kf8
23.Ra1e1 Rd8d2
24.a3 Rd2d3
25.Re1c1 Ra8d8
26.f3 Be6f5
27.Re4c4 Bc7e5
28.Nc3e2 Rd3xa3
29.Ne2g3 Bf5g6
30.c6 bxc6
31.Rc4xc6 Rd8b8
32.Rc1c4 Bg6d3
33.Rc6c8 Ke7
34.Rc8xb8 Be5xb8
35.Rc4d4 Bd3b5
36.Ng3f5 Kf6
37.Nf5h4 Bb8a7
{ abandon }0-1

[Event "Tournoi n27362"]
[Site "www.echecsemail.com"]
[Date "2026.01.05"]
[Round "1"]
[White "Ozon"]
[Black "Wenoketo"]
[WhiteElo "1660"]
[BlackElo "1630"]
[Result "0-1"]
1.e4 c6
2.Ng1f3 e6
3.Nb1c3 d5
4.e5 Nb8d7
5.d4 Bf8b4
6.Bc1d2 Bb4xc3
7.Bd2xc3 Ng8e7
8.Bf1d3 c5
9.O-O c4
10.Bd3e2 O-O
11.Qd1d2 a6
12.Qd2g5 Ne7g6
13.Qg5h5 h6
14.b3 b5
15.a4 Bc8b7
16.axb5 axb5
17.Ra1b1 Ng6f4
18.Qh5g4 Nf4xe2
19.Kh1 Ne2xc3
20.Rb1e1 Ra8a2
21.Re1c1 Qd8a8
22.Rf1e1 Qa8a6
23.Nf3d2 Rf8a8
24.Qg4f4 Ra2a1
25.Nd2f3 Ra1xc1
26.Qf4xc1 Nc3e4
27.Re1f1 cxb3
28.cxb3 Ra8c8
29.Qc1b2 Qa6b6
30.Qb2a1 Rc8a8
31.Qa1b1 Nd7b8
32.Qb1c1 Nb8c6
33.Qc1d1 Bb7a6
34.Nf3g1 b4
35.Ng1e2 Ba6xe2
36.Qd1xe2 Nc6xd4
37.Qe2b2 Qb6b5
38.Qb2b1 Nd4xb3
39.Qb1d1 Ra8a1
{ abandon }0-1

[Event "Défi"]
[Site "www.echecsemail.com"]
[Date "2026.01.05"]
[Round "1"]
[White "Ephixe"]
[Black "Riothamus"]
[WhiteElo "1810"]
[BlackElo "1690"]
[Result "0-1"]
1.d4 d5
2.c4 e5
3.dxe5 Ng8e7
4.Bc1g5 d4
5.e3 c5
6.exd4 cxd4
7.Ng1f3 Nb8c6
8.Bf1d3 Qd8a5
9.Bg5d2 Qa5b6
10.b3 Bc8g4
11.Bd3e2 Ne7f5
12.h3 Bg4xf3
13.Be2xf3 Nc6xe5
14.O-O Ra8d8
15.Rf1e1 Bf8d6
16.Bf3d5 O-O
17.Bd2g5 Rd8c8
18.Bg5f4 Rf8e8
19.Bf4h2 d3
20.Nb1c3 Nf5d4
21.Bh2xe5 Re8xe5
22.Qd1xd3 Rc8e8
23.Re1xe5 Re8xe5
24.Nc3a4 Nd4e2
25.Kf1 Qb6b4
26.Qd3f3 Re5e7
27.Bd5xf7 Re7xf7
28.Qf3xe2 Rf7e7
29.Qe2d3 Bd6e5
30.a3 Qb4a5
31.Ra1b1 Qa5c7
32.Na4c3 Re7d7
33.Qd3e3 a6
34.f4 Rd7e7
35.fxe5 Re7xe5
36.Qe3d4 Qc7e7
37.a4 Qe7f6
38.Kg1 Re5e1
{ abandon }0-1

[Event "Coupe Niveau 2"]
[Site "www.echecsemail.com"]
[Date "2026.01.05"]
[Round "1"]
[White "Woluwe1975"]
[Black "Patau"]
[WhiteElo "1610"]
[BlackElo "1670"]
[Result "1-0"]
1.e4 e5
2.Ng1f3 Nb8c6
3.c3 Ng8f6
4.d4 Nf6xe4
5.d5 Nc6e7
6.Nf3xe5 d6
7.Ne5f3 Bc8g4
8.Qd1a4 Bg4d7
9.Qa4xe4 c6
10.c4 cxd5
11.cxd5 Bd7f5
12.Qe4a4 Bf5d7
13.Qa4d1 Ne7g6
14.Bf1e2 Bf8e7
15.O-O O-O
16.Nb1c3 Be7f6
17.Rf1e1 Bd7f5
18.Nf3d4 Bf6xd4
19.Qd1xd4 Rf8e8
20.Bc1e3 Qd8f6
21.Qd4d2 Ng6e5
22.f4 Ne5g4
23.Be3d4 Re8xe2
24.Re1xe2 Qf6d8
25.h3 Ng4f6
26.Ra1e1 Kf8
27.Nc3b5 a6
28.Nb5xd6 Qd8xd6
29.Bd4xf6 Qd6xf6
30.Qd2b4 { abandon }1-0

[Event "Tournoi n27298"]
[Site "www.echecsemail.com"]
[Date "2026.01.05"]
[Round "1"]
[White "Nicadria22"]
[Black "Fooy33"]
[WhiteElo "1940"]
[BlackElo "1990"]
[Result "1-0"]
1.e4 e5
2.Ng1f3 Nb8c6
3.Bf1b5 a6
4.Bb5xc6 dxc6
5.O-O Bf8d6
6.d3 Bc8g4
7.h3 Bg4h5
8.Bc1e3 Ng8f6
9.Nb1d2 h6
10.c3 Qd8e7
11.a4 Ra8d8
12.Qd1c2 O-O
13.Nf3h4 Bh5g6
14.Nh4xg6 fxg6
15.Qc2b3 Kh8
16.Qb3xb7 Rd8b8
17.Qb7xa6 c5
18.b3 Rb8a8
19.Qa6c4 Nf6d7
20.d4 cxd4
21.cxd4 exd4
22.Be3xd4 Nd7b6
23.Qc4e2 c5
24.Bd4b2 Nb6d7
25.Nd2c4 Bd6c7
26.Qe2e3 Nd7f6
27.f3 Rf8d8
28.Bb2a3 Nf6d7
29.Ra1d1 Kh7
30.Rd1d5 Qe7f8
31.Ba3xc5 Nd7xc5
32.Rd5xc5 Bc7f4
33.Qe3c3 Qf8e7
34.Nc4b6 Ra8b8
35.Nb6d5 Qe7f8
36.Nd5xf4 Qf8xf4
37.Rc5c7 Qf4f8
38.h4 Rb8c8
39.Rf1c1 Rc8xc7
40.Qc3xc7 Rd8b8
41.Qc7c4 Qf8f4
42.Rc1c3 Qf4xh4
43.Qc4e2 Qh4f6
44.Qe2c4 Rb8d8
45.Rc3d3 Rd8b8
46.g3 g5
47.Qc4d5 Qf6f8
48.Kg2 Rb8c8
49.Kh3 Rc8c1
50.Qd5f5 Qf8xf5
51.exf5 h5
52.g4 hxg4
53.fxg4 Kg8
54.b4 Rc1c4
55.Rd3b3 Kf7
56.a5 Ke7
57.b5 Kd7
58.a6 Rc4c8
59.b6 Rc8h8
60.Kg3 Kc8
61.Rb3c3 Kb8
62.Rc3c7 Rh8h6
63.a7 Ka8
64.Rc7c8 { abandon }1-0

[Event "Tournoi n27310"]
[Site "www.echecsemail.com"]
[Date "2026.01.05"]
[Round "1"]
[White "Pier13"]
[Black "Zadkine1"]
[WhiteElo "1710"]
[BlackElo "1790"]
[Result "1-0"]
1.e4 e5
2.Ng1f3 Nb8c6
3.d4 exd4
4.Nf3xd4 Nc6xd4
5.Qd1xd4 b6
6.Bf1c4 Bc8b7
7.O-O Ng8f6
8.e5 Bf8c5
9.Qd4f4 Nf6d5
10.Qf4f3 c6
11.Qf3g4 Rh8g8
12.Bc1g5 f6
13.exf6 gxf6
14.Qg4h5 Ke7
15.Qh5xh7 Kd6
16.Qh7h6 Rg8xg5
17.Bc4xd5 Rg5xd5
18.Qh6f4 Rd5e5
19.Rf1d1 Kc7
20.Nb1c3 Bc5d6
21.Qf4d4 Qd8e7
22.Qd4c4 Qe7e6
23.Qc4d3 Ra8e8
24.g3 c5
25.Nc3b5 Kb8
26.Qd3xd6 Qe6xd6
27.Nb5xd6 Re8g8
28.Nd6b5 Rg8h8
29.Rd1xd7 Bb7c6
30.Rd7xa7 Bc6xb5
31.a4 Bb5c6
32.a5 Rh8e8
33.f4 Re5e1
34.Ra1xe1 Re8xe1
35.Kf2 Kxa7
36.axb6 Kxb6
37.Kxe1 Ka5
38.h4 Bc6e4
39.Kd2 Kb4
40.g4 c4
41.h5 Be4d5
42.h6 Bd5g8
43.g5 f5
44.g6 Kc5
45.h7 Bg8d5
46.h8Q { abandon }1-0

[Event "Défi"]
[Site "www.echecsemail.com"]
[Date "2026.01.05"]
[Round "1"]
[White "Ephixe"]
[Black "Majula"]
[WhiteElo "1810"]
[BlackElo "1590"]
[Result "1-0"]
1.d4 d5
2.c4 Ng8f6
3.Nb1c3 Bc8f5
4.Bc1f4 c6
5.e3 Nf6e4
6.Bf1d3 Ne4xc3
7.bxc3 Qd8a5
8.Ng1e2 Bf5xd3
9.Qd1xd3 e6
10.O-O Bf8a3
11.Ra1b1 b6
12.Bf4e5 f6
13.Be5g3 Nb8d7
14.Ne2f4 Ke7
15.Nf4h5 dxc4
16.Qd3e2 b5
17.Nh5xg7 Ra8g8
18.Ng7h5 Qa5xc3
19.Qe2f3 Qc3d3
20.Qf3xc6 c3
21.Rb1d1 Qd3c2
22.Nh5xf6 Kxf6
23.Qc6xd7 Qc2xa2
24.Bg3e5 Kg6
25.Rd1a1 Qa2d5
26.Qd7xd5 exd5
27.Ra1xa3 Rg8c8
28.Be5xh8 Rc8xh8
29.Ra3xc3 b4
30.Rc3b3 a5
31.Rf1a1 Rh8a8
32.Rb3xb4 Ra8a6
33.Rb4b5 a4
34.Rb5xd5 a3
35.f4 a2
36.Kf2 Kf6
37.Rd5h5 Kg7
38.g4 h6
39.g5 Kg6
40.Rh5xh6 Kg7
41.Rh6xa6 { abandon }1-0

[Event "Défi( 10J+24H/c 10J Max )"]
[Site "www.echecsemail.com"]
[Date "2026.01.05"]
[Round "1"]
[White "Ziviol"]
[Black "Solnic"]
[WhiteElo "1400"]
[BlackElo "1310"]
[Result "1-0"]
1.c3 e5
2.e4 c5
3.d4 cxd4
4.Ng1f3 f6
5.cxd4 d5
6.dxe5 Qd8a5
7.Bc1d2 Bf8b4
8.a3 Bb4xd2
9.Nf3xd2 fxe5
10.b4 Qa5d8
11.Bf1d3 d4
12.Nd2f3 Ng8h6
13.Nf3xe5 Qd8e7
14.Qd1h5 Kd8
15.O-O Bc8e6
16.Nb1d2 g6
17.Qh5xh6 a6
18.f4 b5
19.Nd2b3 Be6xb3
20.Ne5xg6 Qe7e6
21.f5 Qe6e8
22.Qh6g5 Kc8
23.Ng6e7 Kb7
24.f6 h6
25.Qg5c5 Nb8d7
26.Qc5c6 Kb8
27.Qc6d6 Kb7
28.Qd6c6 Ka7
29.Ne7d5 Ra8c8
30.Qc6d6 Bb3xd5
31.Qd6xd5 Rc8c3
32.Qd5xd4 Nd7b6
33.Qd4xc3 Nb6d7
34.Qc3c7 Ka8
35.Qc7c6 Kb8
36.Qc6xa6 h5
37.Qa6xb5 Kc8
38.Qb5c6 Kb8
39.Qc6b5 Kc7
40.Ra1c1 Kd8
41.Qb5a5 { abandon }1-0

[Event "Tournoi n27247"]
[Site "www.echecsemail.com"]
[Date "2026.01.06"]
[Round "1"]
[White "Kawa750"]
[Black "Verson"]
[WhiteElo "1800"]
[BlackElo "1800"]
[Result "0-1"]
1.d4 d5
2.Ng1f3 Ng8f6
3.Bc1g5 e6
4.Nb1c3 Nb8d7
5.Nf3e5 Bf8e7
6.Ne5xd7 Bc8xd7
7.h3 O-O
8.e3 h6
9.Bg5f4 Be7b4
10.a3 Bb4a5
11.b4 Ba5b6
12.Bf1d3 c6
13.O-O Bb6c7
14.Bf4xc7 Qd8xc7
15.Qd1f3 Ra8c8
16.Nc3e2 e5
17.dxe5 Qc7xe5
18.Ne2g3 Rc8e8
19.Rf1e1 Nf6e4
20.c4 Ne4xg3
21.fxg3 Re8e7
22.Bd3f1 Bd7f5
23.Qf3f4 Rf8e8
24.cxd5 cxd5
25.Bf1b5 Re8d8
26.Kf2 Qe5b2
27.Kg1 Bf5e4
28.Qf4f2 Qb2xf2
29.Kxf2 a6
30.Bb5a4 b5
31.Ba4b3 Re7c7
32.Bb3d1 f5
33.Bd1f3 Rc7c2
34.Re1e2 Rd8c8
35.Ra1a2 Rc2xa2
36.Re2xa2 Kf7
37.g4 fxg4
38.hxg4 Ke6
39.Kg3 Rc8c3
40.Bf3xe4 dxe4
41.Kf4 g5
42.Kxe4 Rc3c4
43.Kf3 Ke5
44.g3 Rc4c3
45.Ra2a1 Rc3d3
46.Ke2 Ke4
47.Ra1a2 Rd3xe3
48.Kf2 Re3f3
49.Kg2 Rf3c3
 { temps }0-1

[Event "Défi"]
[Site "www.echecsemail.com"]
[Date "2026.01.06"]
[Round "1"]
[White "Chomi64"]
[Black "Kawa750"]
[WhiteElo "1850"]
[BlackElo "1800"]
[Result "1-0"]
1.d4 e6
2.e4 c5
3.c3 cxd4
4.cxd4 Nb8c6
5.Ng1f3 d5
6.e5 Bf8b4
7.Bc1d2 Qd8b6
8.Bd2xb4 Qb6xb4
9.Qd1d2 Qb4xd2
10.Nb1xd2 Ng8e7
11.a3 Ne7f5
12.Nd2b3 O-O
13.Bf1d3 Rf8e8
14.O-O a5
15.Bd3xf5 Nc6e7
16.Bf5d3 b6
17.Ra1c1 Bc8a6
18.Bd3xa6 Ra8xa6
19.Rc1c7  { temps }1-0

[Event "Défi( 10J+24H/c 10J Max )"]
[Site "www.echecsemail.com"]
[Date "2026.01.06"]
[Round "1"]
[White "Poison"]
[Black "Minon"]
[WhiteElo "1100"]
[BlackElo "1930"]
[Result "0-1"]
1.e4 e5
2.Ng1f3 Nb8c6
3.Nb1c3 d6
4.Bf1b5 Ng8e7
5.d3 a6
6.Bb5xc6 Ne7xc6
7.a3 Bc8g4
8.h3 Bg4e6
9.Bc1e3 Bf8e7
10.Nc3a4 O-O
11.O-O f5
12.exf5 Be6xf5
13.Nf3d2 d5
14.Na4c5 Be7xc5
15.Be3xc5 Rf8f7
16.Bc5b4 Nc6xb4
17.axb4 b5
18.b3 Qd8g5
19.d4 Bf5xh3
20.dxe5 Qg5xg2
0-1